| 000 | 01831cam a22004934i 4500 | ||
|---|---|---|---|
| 003 | PE-LiUPU | ||
| 005 | 20250731173053.0 | ||
| 008 | 180307s2017 ne rb 000 0 eng d | ||
| 020 | _a9789004345577 | ||
| 035 | _a(Sirsi) a241453 | ||
| 040 |
_aPE-LiUPU _bspa _cPE-LiUPU _erda |
||
| 049 | _aPRUA | ||
| 082 | 0 | 4 |
_a270 _bS61 _223 |
| 100 | 1 |
_aSmit, Peter-Ben, _d1979- _eautor. |
|
| 245 | 1 | 0 |
_aMasculinity and the Bible : _bsurvey, models, and perspectives / _cby Peter-Ben Smit. |
| 264 | 1 |
_aLeiden : _bBrill, _c2017. |
|
| 300 |
_a97 páginas ; _c24centímetros. |
||
| 336 |
_atext _2rdacontent |
||
| 337 |
_aunmediated _2rdamedia |
||
| 338 |
_avolume _2rdacarrier |
||
| 490 | 0 | _aBrill research perspectives | |
| 504 | _aBibliografía : páginas 69-97. | ||
| 505 | 0 | _aMasculinity studies: development and trends -- Masculinity studies and biblical studies -- The heuristic potential of masculinity studies: Mark 6 and the ritual (de)construction of masculinity -- Outlook. | |
| 526 | _aSEG42 | ||
| 526 | _aSEG41 | ||
| 526 | _aSEG40 | ||
| 526 | _aSEG39 | ||
| 526 | _aP94 | ||
| 526 | _aP87 | ||
| 526 | _aP86 | ||
| 526 | _aP85 | ||
| 526 | _aP77 | ||
| 526 | _aP76 | ||
| 526 | _aP35 | ||
| 541 | _20180305; | ||
| 650 | 0 | _aMasculinity in the Bible. | |
| 650 | 0 | _aMasculinidad en la Biblia. | |
| 910 |
_adbm _bjpc _cjpc _d20180307 |
||
| 942 |
_2ddc _cBOOK |
||
| 994 |
_aC0 _bPEPRU |
||
| 596 | _a1 | ||
| 999 |
_a270 S61 _wDEWEY _c27081 _i78392 _f2021-11-11 _g5 _lCCODEBUL1 _mBUL _p85.00 _r0 _sY _tBOOK _u2018-3-7 _xTEOLOGIA _PP35 _0DONACION _o.STAFF. Colección Teología _d27081 |
||
| 999 |
_a270 S61 _wDEWEY _c2 _i78393 _f2021-11-11 _g4 _lCCODEBUL1 _mBUL _p85.00 _r0 _sY _tBOOK _u2018-3-7 _xTEOLOGIA _PP35 _0DONACION _o.STAFF. Colección Teología |
||
| 980 |
_81 _gALBERTO SANCHEZ Responsable de Automatización |
||